000 00765nam a2200265Ia 4500
003 GCL
008 140319s9999 xx 000 0 ara d
040 _aGCL /
_cGCL
082 0 4 _a152
_bهـ س
100 1 _aهولس، ستيورات
245 1 0 _aسيكولوجية التعلم /
_cهولس، ستيورات
700 1 _aفؤاد ابوحطب
260 _a[S.N] :
_bالدار الدولية للنشر والتوزيع ،
_c1983
300 _aص559 ؛
_c24سم
650 0 4 _aالتعليم
650 0 4 _aعلم النفس
650 0 4 _aالسلوك
650 0 4 _aارسطو
650 0 4 _aالعقاب
650 0 4 _aالنسيان
650 0 4 _aالتمييز
650 0 4 _aالاشتراط
650 0 4 _aالتعميم
942 _2ddc
_cBK
999 _c30301
_d30301